Ak extrémisti porušujú zákony, nemôže byť ich stíhanie fraškou

Rozhovor s Jánom Benčíkom, nositeľom ocenenia Biela vrana, ktorý sa venuje odkrývaniu neonacistov a extrémistov.

Gespeichert in:
Bibliographische Detailangaben
1. Verfasser: Petková, Zuzana
Weitere Verfasser: Benčík, Ján
Format: Buchkapitel
Sprache:Slowakisch
Schlagworte:
Tags: Tag hinzufügen
Keine Tags, Fügen Sie das erste Tag hinzu!

MARC

LEADER 00000naa a2200000 4500
001 0227568
005 20170227112647.2
041 0 |a slo 
044 |a SK 
245 1 0 |a Ak extrémisti porušujú zákony, nemôže byť ich stíhanie fraškou  |c Zuzana Petková, Ján Benčík 
520 |a Rozhovor s Jánom Benčíkom, nositeľom ocenenia Biela vrana, ktorý sa venuje odkrývaniu neonacistov a extrémistov. 
610 2 0 |a extrémizmus 
610 2 0 |a propaganda 
610 2 0 |a fašizmus 
610 2 0 |a strany politické 
610 2 0 |a Slovensko 
100 1 |a Petková, Zuzana 
700 1 |a Benčík, Ján